00798nmc a2200229 a 4500003000900000005001700009008004100026020001800067040001300085245005300098260012200151300001600273490003200289504003300321504004900354650002800403650002900431653002600460653002400486653003100510653002700541AR-BaBNM20251128211001.0265020s2002 ||||||||||||||000 | spa|| a84-369-3595-0 cAR-BaBNM10aLa seducción de la lectura en edades tempranas a[Madrid]bMinisterio de Educación, Cultura y Deporte, Subdirección General de Información y Publicacionesc20020 a318 p.bil. 0aAulas de verano. Principios aBibliografía en p. 305-307 aContiene un listado de lecturas recomendadas 4aPROMOCION DE LA LECTURA 4aINICIACION EN LA LECTURA aFORMACION DE LECTORES aCOMPRENSION LECTORA aENSENANZA DE LA LITERATURA aENSENANZA DE LA LENGUA